000 00262nam a22001217a 4500
999 _c9475
_d9475
003 OSt
005 20210114165331.0
008 210114b ||||| |||| 00| 0 eng d
040 _cDDC
100 _aFrydenger, Tom
245 _aStepfamily problems
942 _2ddc
_cBK